| 000 | 00445nam a22001817a 4500 | ||
|---|---|---|---|
| 003 | CEME | ||
| 005 | 20210628203056.0 | ||
| 008 | 210419b xxu||||| |||| 00| 0 eng d | ||
| 020 | _a0-08-035827-6 | ||
| 040 | _c. | ||
| 082 | _a623-BRA GUI | ||
| 100 |
_aLee, R.G _942226 |
||
| 245 | _a Brassey's guided weapons | ||
| 260 |
_aNEW YORK _bBRASSEY'S _c1988 |
||
| 300 | _aV,286P | ||
| 650 |
_a BRASSEY'S GUIDED WEAPONS _963181 |
||
| 942 |
_cBK _2ddc |
||
| 999 |
_c572085 _d572085 |
||